[Event "FRA-chT4 0506"]
[Site "Bretagne"]
[Date "2006.01.15"]
[Round "4"]
[White "Le Barh, Thomas"]
[Black "Pommereul, Vincent"]
[Result "0-1"]
[WhiteElo "1470"]
[BlackElo "1340"]
[PlyCount "50"]
[EventDate "2005.10.16"]
[EventType "team"]
[EventRounds "7"]
[EventCountry "FRA"]
[SourceTitle "EXT 2007"]
[Source "ChessBase"]
[SourceDate "2006.11.23"]
[SourceVersion "1"]
[SourceVersionDate "2006.11.23"]
[SourceQuality "1"]

1. e4 c6 2. Nc3 e5 3. d3 Nf6 4. Nf3 d5 5. Nxe5 dxe4 6. dxe4 Qxd1+ 7. Kxd1 Bd6 8. Nc4 Bc5 9. f3 0-0 10. Bf4 Nh5 11. Be5 f6 12. Bc7 Na6 13. Bg3 Nxg3 14. hxg3 b5 15. Na5 Rd8+ 16. Ke1 Nb4 17. Rc1 Bb6 18. a3 Bxa5 19. axb4 Bxb4 20. Rd1 Be6 21. Be2 Rxd1+ 22. Kxd1 a5 23. Kd2 Rd8+ 24. Ke3 g5 25. Ra1 Bc5# 0-1